Dogs by Picture - Statistics

General Stats
  • This quiz has been taken 450 times
    75 since last reset
  • The average score is 12 of 16
Answer Stats
Picture Answer % Correct
Siberian Husky
97%
Dalmatian
93%
German Shepherd
93%
Poodle
92%
Pug
89%
Beagle
87%
Great Dane
82%
Chihuahua
80%
Pit Bull
79%
Border Collie
77%
Greyhound
77%
Rough Collie
72%
St Bernard
67%
Malamute
52%
Jack Russell
33%
Bull(dog)finch
15%
No matching quizzes found
Score Distribution
Percent of People with Each Score
Percentile by Number Answered
Your Score History
You have not taken this quiz since the last reset